000 00483nam a2200169Ia 4500
003 OSt
005 20210824103520.0
008 190216s9999||||xx |||||||||||||| ||und||
040 _coclc
082 _a892.7
_bMAN/H
100 _aMangad, Abdurahiman
_98678
245 0 _aHumours Novelties And Proverbs /
_cAbdurahiman Mangad
260 _bAl Hind Book Stall,
_a2004.
_cTirur:
300 _a40p
650 _aArabic
942 _cBK
_2ddc
_h892.7
_iMAN/H
_k892.7
_mMAN/H
999 _c733
_d733